V tieni priemyslu
Zamestnanosti v dlhodobom horizonte pomáha viac sektor služieb než výroba. Podiel služieb v ekonomike ešte môže rásť. Vývoj tržieb vybraných služieb. Služby na vývoz.
Guardado en:
| Formato: | Capítulo de libro |
|---|---|
| Lenguaje: | eslovaco |
| Materias: | |
| Etiquetas: |
Sin Etiquetas, Sea el primero en etiquetar este registro!
|
MARC
| LEADER | 00000naa a2200000 4500 | ||
|---|---|---|---|
| 001 | 0135267 | ||
| 005 | 20231113072951.2 | ||
| 041 | 0 | |a slo | |
| 044 | |a SK | ||
| 245 | 1 | 0 | |a V tieni priemyslu |
| 520 | |a Zamestnanosti v dlhodobom horizonte pomáha viac sektor služieb než výroba. Podiel služieb v ekonomike ešte môže rásť. Vývoj tržieb vybraných služieb. Služby na vývoz. | ||
| 610 | 2 | 0 | |a služby |
| 610 | 2 | 0 | |a zamestnanosť |
| 610 | 2 | 0 | |a tržby |
| 610 | 2 | 0 | |a Slovensko |